Life Of Luxury Monsters (April 2025) - Statistics

General Stats
  • This quiz has been taken 13 times
  • The average score is 7 of 24
Answer Stats
Channel Monster % Correct
Life Dolphin Man
80%
Life Timmy
80%
Life Tommy
80%
Life Gale
60%
Life Stanley
60%
Reacts Wormy
60%
Life Chloe
40%
Life Eugene
40%
Life Margaret
40%
Dark Bed Worm
20%
Life Billy
20%
Dark Black Fish
20%
Life Blast, The
20%
Life Friendo
20%
Life Imaginary Friend (Caleb)
20%
Dark Parker Jr.
20%
Life Petey
20%
Life Rat-Boy
20%
Life Wiggles
20%
Life Andy (Scratchy The Clown)
0%
Dark Black Goliath Spider
0%
Dark Grey Love Dog
0%
Dark Parker’s Clone
0%
Puppets Sneakers
0%
No matching quizzes found
Score Distribution
Percent of People with Each Score
Percentile by Number Answered
Your Score History
You have not taken this quiz